000 00647nam a2200241Ia 4500
003 OSt
005 20220925221847.0
006 a|||||r|||| 00| 0
007 ta
008 220923b |||||||| |||| 00| 0 eng d
037 _cGeneral Book
040 _aRTL
_cRTL
_beng
041 _2eng
_aeng
082 _aX723:(Z2).M, E3
100 _aBaden-Powell B H
245 0 _aShort account of the land revenue and its administ
250 _a2
260 _aLondon
_bOxford
_c1913
300 _a268p
_ccm.
650 _aLand Taxation
942 _hX723:(Z2).M, E3
_cGB
_2CC
999 _c575518
_d575518